000 00415nam a2200169Ia 4500
003 GCL
008 140319s9999 xx 000 0 ara d
040 _aGCL /
_cGCL
082 0 4 _a960.3
_bم ن
245 1 0 _aنيجيرية وداهومى والكاميرون
300 _a253
490 _aكتاب
_v0
650 0 4 _aنيجيريا
650 0 4 _aداهومى
650 0 4 _aالكاميرون
942 _2ddc
_cBK
999 _c43041
_d43041